000
00325nam a2200121Ia 4500
008
230524s9999 xx 000 0 und d
100
_a
"Donald F. Kuratko, Richard M.Hodgetts"
245
0
_a
Entrepreneurship In the New Millennium
260
_b
Cengage
500
_a
Quantity Number: 5
650
_a
Management
942
_c
BK
999
_c
49647
_d
49647